Statistics for Has Anyone Ever Done It #3

Click here to take the quiz!

General Stats

  • This quiz has been taken 40,743 times
  • The average score is 11 of 15

Answer Stats

QuestionAnswer% Correct
Died on the moon?No
95%
Been eaten by a crocodile?Yes
92%
Deliberately crashed two trains into each other and sold tickets?Yes
86%
Found Amelia Earhart's plane or body?No
83%
Shot the pope?Yes
81%
Served more than 2 terms as U.S. President?Yes
81%
Sent a message back in time? As in, literally back into the past, not some trick with time zones.No
77%
Hit a golf ball on the moon?Yes
73%
Set foot on the South Pole and the North Pole in the same day?No
72%
Survived not breathing for 30 minutes?Yes
70%
Been more than 3 meters tall? (9 feet, 10 inches)No
69%
Survived with essentially no food for more than one year?Yes
67%
Been cured of Muscular Dystrophy?No
64%
Been a native speaker of Esperanto?Yes
51%
Landed a helicopter on the summit of Mount Everest?Yes
30%

Score Distribution

Percentile by Number Answered

Percent of People with Each Score

Your Score History

You have not taken this quiz